| 000 -NÁVESTIE |
| fixed length control field |
01987cam a2200529 a 4500 |
| 001 - EVIDENČNÉ ČÍSLO ZÁZNAMU - Kontrolné číslo |
| control field |
vtls008839316 |
| 005 - DÁTUM A ČAS POSLEDNEJ TRANSAKCIE |
| control field |
20220615113118.0 |
| 008 - ÚDAJE S PEVNOU DĹŽKOU – VŠEOBECNÉ INFORMÁCIE |
| fixed length control field |
060816s2006 xr g p 000 0 eng |
| 020 ## - MEDZINÁRODNÉ ŠTANDARDNÉ ČÍSLO KNIHY (ISBN) |
| Medzinárodné štandardné číslo knihy (ISBN) |
802471728X (brož.) |
| 040 ## - ZDROJ KATALOGIZÁCIE |
| Pôvodná katalogizujúca agentúra |
SVKPO |
| Jazyk katalogizácie |
slo |
| Prepisujúca agentúra |
SVKPO |
| Modifikujúca agentúra |
SNK |
| Konvencie popisu |
AACR2 |
| 041 1# - KÓD JAZYKA |
| Kód jazyka textu/zvukovej stopy alebo samostatných nápisov |
eng |
| -- |
cze |
| Kód jazyka originálu a/alebo sprostredkujúcich prekladov textu |
ger |
| 044 ## - KÓD KRAJINY VYDAVATEĽA/PRODUCENTA |
| Kód krajiny MARC |
xr |
| Kód krajiny ISO |
CZ |
| 072 #7 - KÓD PREDMETOVEJ KATEGÓRIE |
| Kód predmetovej kategórie |
811.111 |
| Pododdiel kódu predmetovej kategórie |
Angličtina |
| Zdroj |
konspekt |
| 072 #7 - KÓD PREDMETOVEJ KATEGÓRIE |
| Kód predmetovej kategórie |
37.016 |
| Pododdiel kódu predmetovej kategórie |
Učebné osnovy. Vyučovacie predmety. Učebnice |
| Zdroj |
konspekt |
| 080 ## - ČÍSLO MEDZINÁRODNÉHO DESATINNÉHO TRIEDENIA (MDT) |
| Číslo Medzinárodného desatinného triedenia (MDT) |
811.111 |
| Identifikátor vydania |
2001 |
| 080 ## - ČÍSLO MEDZINÁRODNÉHO DESATINNÉHO TRIEDENIA (MDT) |
| Číslo Medzinárodného desatinného triedenia (MDT) |
659.144.1 |
| Identifikátor vydania |
2001 |
| 080 ## - ČÍSLO MEDZINÁRODNÉHO DESATINNÉHO TRIEDENIA (MDT) |
| Číslo Medzinárodného desatinného triedenia (MDT) |
005.91:82-6 |
| Identifikátor vydania |
2001 |
| 080 ## - ČÍSLO MEDZINÁRODNÉHO DESATINNÉHO TRIEDENIA (MDT) |
| Číslo Medzinárodného desatinného triedenia (MDT) |
316.776 |
| Identifikátor vydania |
2001 |
| 080 ## - ČÍSLO MEDZINÁRODNÉHO DESATINNÉHO TRIEDENIA (MDT) |
| Číslo Medzinárodného desatinného triedenia (MDT) |
81’373.46 |
| Identifikátor vydania |
2001 |
| 080 ## - ČÍSLO MEDZINÁRODNÉHO DESATINNÉHO TRIEDENIA (MDT) |
| Číslo Medzinárodného desatinného triedenia (MDT) |
(075) |
| Identifikátor vydania |
2001 |
| 080 ## - ČÍSLO MEDZINÁRODNÉHO DESATINNÉHO TRIEDENIA (MDT) |
| Číslo Medzinárodného desatinného triedenia (MDT) |
(076.5) |
| Identifikátor vydania |
2001 |
| 100 1# - OSOBNÉ MENÁ – VŠEOBECNÉ INFORMÁCIE |
| Osobné meno |
Henderson, Derek |
| -- |
3111 |
| 240 10 - UNIFIKOVANÝ NÁZOV |
| Unifikovaný názov |
Business English Trainer |
| Jazyk diela |
Česky |
| 245 10 - NÁZOV |
| Názov |
Business English |
| Zvyšok názvu |
50 praktických cvičení : korespondence, porady, prezentace, obchodní jednání a společenská konverzace |
| Údaj o zodpovednosti atď. |
Derek Henderson, Veronika Streitwieser ; [překlad Iva Michňová] |
| 246 18 - INÁ FORMA NÁZVU |
| Hlavný názov/skrátený názov |
Business English - 50 praktických cvičení |
| 250 ## - ÚDAJ O PORADÍ VYDANIA |
| Údaj o poradí vydania |
1. vyd. |
| 260 ## - VYDAVATEĽSKÉ ÚDAJE, DISTRIBÚCIA ATĎ. |
| Miesto publikovania, distribúcie atď. |
Praha |
| Názov vydavateľa, distibútora atď. |
Grada |
| Dátum publikovania, distribúcie atď. |
2006 |
| 300 ## - FYZICKÝ POPIS |
| Rozsah |
120 s. |
| Rozmery |
21 cm |
| 490 1# - EDÍCIA |
| Edícia |
Poradce pro praxi |
| 500 ## - VŠEOBECNÁ POZNÁMKA |
| Formátovaná poznámka o obsahu |
Preložené z nemčiny |
| 650 07 - PRIDANÝ VSTUP – PREDMET – TEMATICKÉ HESLO |
| Tematické heslo alebo geografický názov ako vstupný prvok |
obchodné jednania |
| Zdroj hesla alebo termínu |
SNKPH |
| -- |
3112 |
| 650 07 - PRIDANÝ VSTUP – PREDMET – TEMATICKÉ HESLO |
| Tematické heslo alebo geografický názov ako vstupný prvok |
obchodná korešpondencia |
| Zdroj hesla alebo termínu |
SNKPH |
| -- |
3113 |
| 650 07 - PRIDANÝ VSTUP – PREDMET – TEMATICKÉ HESLO |
| Tematické heslo alebo geografický názov ako vstupný prvok |
obchodná komunikácia |
| Zdroj hesla alebo termínu |
SNKPH |
| -- |
3114 |
| 650 07 - PRIDANÝ VSTUP – PREDMET – TEMATICKÉ HESLO |
| Tematické heslo alebo geografický názov ako vstupný prvok |
odborná terminológia |
| Zdroj hesla alebo termínu |
SNKPH |
| -- |
3115 |
| 650 07 - PRIDANÝ VSTUP – PREDMET – TEMATICKÉ HESLO |
| Tematické heslo alebo geografický názov ako vstupný prvok |
English language |
| Zdroj hesla alebo termínu |
SNKPHeng |
| -- |
3116 |
| 650 07 - PRIDANÝ VSTUP – PREDMET – TEMATICKÉ HESLO |
| Tematické heslo alebo geografický názov ako vstupný prvok |
angličtina |
| Zdroj hesla alebo termínu |
SNKPH |
| -- |
3117 |
| 650 07 - PRIDANÝ VSTUP – PREDMET – TEMATICKÉ HESLO |
| Tematické heslo alebo geografický názov ako vstupný prvok |
Negotiation in business |
| Zdroj hesla alebo termínu |
SNKPHeng |
| -- |
3118 |
| 650 07 - PRIDANÝ VSTUP – PREDMET – TEMATICKÉ HESLO |
| Tematické heslo alebo geografický názov ako vstupný prvok |
Commercial correspondence |
| Zdroj hesla alebo termínu |
SNKPHeng |
| -- |
3119 |
| 650 07 - PRIDANÝ VSTUP – PREDMET – TEMATICKÉ HESLO |
| Tematické heslo alebo geografický názov ako vstupný prvok |
Communication in business |
| Zdroj hesla alebo termínu |
SNKPHeng |
| -- |
3120 |
| 650 07 - PRIDANÝ VSTUP – PREDMET – TEMATICKÉ HESLO |
| Tematické heslo alebo geografický názov ako vstupný prvok |
Terminology (professional) |
| Zdroj hesla alebo termínu |
SNKPHeng |
| -- |
3121 |
| 655 #7 - INDEXAČNÝ TERMÍN – ŽÁNER/FORMA |
| Údaje o žánri/forme alebo termín, ktorý je prvok fazety |
učebnice |
| Zdroj termínu |
SNKPH |
| -- |
3122 |
| 655 #7 - INDEXAČNÝ TERMÍN – ŽÁNER/FORMA |
| Údaje o žánri/forme alebo termín, ktorý je prvok fazety |
praktické cvičenia |
| Zdroj termínu |
SNKPH |
| -- |
3123 |
| 655 #7 - INDEXAČNÝ TERMÍN – ŽÁNER/FORMA |
| Údaje o žánri/forme alebo termín, ktorý je prvok fazety |
Textbooks |
| Zdroj termínu |
SNKPHeng |
| -- |
3124 |
| 655 #7 - INDEXAČNÝ TERMÍN – ŽÁNER/FORMA |
| Údaje o žánri/forme alebo termín, ktorý je prvok fazety |
Problems, exercises, etc. |
| Zdroj termínu |
SNKPHeng |
| -- |
3125 |
| 700 1# - PRIDANÝ VSTUP – OSOBNÉ MENO |
| Osobné meno |
Streitwieser, Veronika |
| Kód roly |
aut |
| -- |
3126 |
| 700 1# - PRIDANÝ VSTUP – OSOBNÉ MENO |
| Osobné meno |
Michňová, Iva, |
| Dátumy súvisiace s menom |
1972- |
| Kód roly |
trl |
| -- |
3127 |